[Event "NÃ– Landesliga 2016/2017"]
[Site "?"]
[Date "2017.03.12"]
[Round "9.2"]
[White "Ayatollahi, Ehsan"]
[Black "Mayer, Josef"]
[Result "1-0"]
[WhiteElo "1907"]
[BlackElo "2099"]
[PlyCount "77"]
[EventDate "2016.10.02"]

1. d4 Nf6 2. c4 g6 3. Nc3 Bg7 4. e4 d6 5. Nf3 O-O 6. Be2 e5 7. O-O Na6 8. Be3
Ng4 9. Bg5 f6 10. Bh4 h5 11. h3 Nh6 12. Qb3 exd4 13. Nxd4 Nc5 14. Qc2 a5 15.
Rad1 g5 16. Bg3 h4 17. Bh2 f5 18. e5 f4 19. exd6 Qxd6 20. Nf3 Bf5 21. Rxd6 Bxc2
22. Rd2 Bxc3 23. bxc3 Ba4 24. Nxg5 Bc6 25. Bf3 Bxf3 26. Nxf3 Ne4 27. Rd7 Rac8
28. Nxh4 Rf6 29. Re1 Nc5 30. Rd4 Rcf8 31. Re5 b6 32. Nf3 Ne6 33. Rde4 Nc5 34.
Rg5+ Kf7 35. Rxf4 Rd8 36. Ne5+ Ke6 37. Rxf6+ Kxf6 38. Rg6+ Ke7 39. Nc6+ 1-0

[Event "NÃ– Landesliga 2016/2017"]
[Site "?"]
[Date "2017.03.12"]
[Round "9.3"]
[White "GrÃ¶tz, Harald"]
[Black "Wirius, Johannes"]
[Result "1-0"]
[WhiteElo "2259"]
[BlackElo "2142"]
[PlyCount "103"]
[EventDate "2016.10.02"]

1. e4 Nf6 2. e5 Nd5 3. d4 d6 4. Nf3 Nb6 5. exd6 cxd6 6. Be2 g6 7. O-O Bg7 8. c4
O-O 9. h3 Nc6 10. Nc3 Bf5 11. Be3 Rc8 12. b3 h6 13. Rc1 g5 14. Qd2 d5 15. c5
Na8 16. h4 g4 17. Nh2 h5 18. Bh6 e6 19. Bxg7 Kxg7 20. g3 Qf6 21. Rfd1 Nc7 22.
Nf1 Qh6 23. Ne3 Bg6 24. Qb2 Ne8 25. Ng2 Nf6 26. Nf4 Bf5 27. Nb5 Ne8 28. b4 a6
29. Nc3 Nc7 30. a4 Ne7 31. b5 axb5 32. axb5 Ng6 33. Ng2 Ne7 34. Ra1 Ra8 35. b6
Rxa1 36. Rxa1 Ne8 37. Ra7 Nc6 38. Rxb7 Nxd4 39. Nf4 Nf6 40. Rc7 e5 41. Ng2
Nxe2+ 42. Nxe2 d4 43. b7 Rb8 44. Nxd4 exd4 45. Qxd4 Qc1+ 46. Kh2 Be4 47. Re7
Bf3 48. Re1 Qc2 49. Nf4 Kh7 50. Nd3 Rxb7 51. Qxf6 Qxd3 52. Re8 1-0

[Event "NÃ– Landesliga 2016/2017"]
[Site "?"]
[Date "2017.03.12"]
[Round "9.3"]
[White "Lampl, Gerald"]
[Black "Riegler, Rene"]
[Result "1-0"]
[WhiteElo "2089"]
[BlackElo "1994"]
[PlyCount "55"]
[EventDate "2016.10.02"]

1. d4 Nf6 2. c4 e6 3. Nf3 d5 4. g3 Bb4+ 5. Bd2 Bd6 6. Nc3 O-O 7. Qc2 Re8 8. Bg2
Nc6 9. O-O dxc4 10. Nb5 e5 11. dxe5 Bxe5 12. Rfd1 a6 13. Nxe5 axb5 14. Nxc6
bxc6 15. Bxc6 Bd7 16. Bg5 Bxc6 17. Rxd8 Raxd8 18. Bxf6 gxf6 19. Rd1 Bd5 20. f3
b4 21. Kf2 Be6 22. h4 Rxd1 23. Qxd1 Ra8 24. h5 h6 25. Qd2 Rxa2 26. Qxh6 Rxb2
27. Qxf6 Kh7 28. h6 1-0

[Event "NÃ– Landesliga 2016/2017"]
[Site "?"]
[Date "2017.03.12"]
[Round "9.3"]
[White "Amberger, Dieter"]
[Black "Lechner, Daniel"]
[Result "1/2-1/2"]
[WhiteElo "2050"]
[BlackElo "2154"]
[PlyCount "48"]
[EventDate "2016.10.02"]

1. d4 Nf6 2. c4 g6 3. Nc3 d5 4. Nf3 Bg7 5. Qb3 dxc4 6. Qxc4 O-O 7. e4 Bg4 8.
Be3 Nfd7 9. O-O-O Nb6 10. Qc5 f5 11. e5 f4 12. Bd2 Nc6 13. Be1 Qd7 14. Bb5 a6
15. Bxc6 bxc6 16. Ne4 a5 17. Bc3 Kh8 18. Rhe1 h6 19. Rd3 Be6 20. Qa3 Bc4 21.
Rd2 Bd5 22. Rde2 Bc4 23. Rd2 Bd5 24. Rde2 Bc4 1/2-1/2

[Event "NÃ– Landesliga 2016/2017"]
[Site "?"]
[Date "2017.03.12"]
[Round "9.3"]
[White "Dittel, Herbert"]
[Black "Gajic, Zoran"]
[Result "1-0"]
[WhiteElo "2058"]
[BlackElo "2047"]
[PlyCount "77"]
[EventDate "2016.10.02"]

1. d4 Nf6 2. Nf3 d5 3. c4 c6 4. e3 Bf5 5. Bd3 Bxd3 6. Qxd3 e6 7. Nc3 Nbd7 8.
O-O Bd6 9. e4 dxe4 10. Nxe4 Nxe4 11. Qxe4 Nf6 12. Qe2 h6 13. Bd2 O-O 14. Bc3
Re8 15. Rfe1 Qe7 16. a3 Rab8 17. b4 b5 18. Ne5 Rbc8 19. Bd2 bxc4 20. Qxc4 Nd5
21. g3 Nb6 22. Qa6 Bb8 23. Rac1 Qd6 24. Be3 f6 25. Nc4 Qd8 26. Na5 Qd7 27. Rc2
e5 28. dxe5 Bxe5 29. Rec1 Bd4 30. Bxd4 Qxd4 31. Nxc6 Qd5 32. Qxa7 Nd7 33. Ne7+
Rxe7 34. Rxc8+ Kh7 35. Qa8 Qd3 36. R1c3 Qd2 37. Qf3 Qb2 38. Qd3+ g6 39. Qc2 1-0

[Event "NÃ– Landesliga 2016/2017"]
[Site "?"]
[Date "2017.03.12"]
[Round "9.4"]
[White "FrÃ¶wis, Georg"]
[Black "Bernasek, Jan"]
[Result "1/2-1/2"]
[WhiteElo "2427"]
[BlackElo "2527"]
[PlyCount "96"]
[EventDate "2016.10.02"]

1. Nf3 c5 2. c4 Nc6 3. d4 cxd4 4. Nxd4 Nf6 5. Nc3 e6 6. g3 a6 7. Bg2 Bc5 8. Nb3
Ba7 9. O-O d6 10. Bf4 Bb8 11. Qd2 Ne5 12. Rfd1 Nxc4 13. Qd4 d5 14. Bxb8 Rxb8
15. e4 b5 16. exd5 e5 17. Qa7 Qb6 18. Qxb6 Rxb6 19. Nd2 Nxd2 20. Rxd2 Kd8 21.
Re1 Re8 22. Rde2 b4 23. Nd1 Rb5 24. Ne3 Rc5 25. b3 a5 26. Rd2 Ba6 27. g4 e4 28.
g5 Nh5 29. Nf5 Nf4 30. Nd6 Re7 31. Nxe4 f5 32. gxf6 gxf6 33. Red1 Rc3 34. Ng3
h5 35. Bf1 Bc8 36. Rd4 Bg4 37. R1d2 Rf3 38. h4 Re1 39. Kh2 Ng6 40. Re4 Rxf1 41.
Nxf1 Rh3+ 42. Kg1 Bf3 43. Ng3 Rxg3+ 44. fxg3 Bxe4 45. Kf2 Ne7 46. Ke3 Bf5 47.
Rd1 Kd7 48. Kd4 Bg4 1/2-1/2

[Event "NÃ– Landesliga 2016/2017"]
[Site "?"]
[Date "2017.03.12"]
[Round "9.4"]
[White "Vyskocil, Neklan"]
[Black "Kleiser, Gregor"]
[Result "1-0"]
[WhiteElo "2328"]
[BlackElo "2232"]
[PlyCount "63"]
[EventDate "2016.10.02"]

1. e4 c5 2. Nf3 e6 3. d4 cxd4 4. Nxd4 Nf6 5. Nc3 a6 6. e5 Nd5 7. Nxd5 exd5 8.
Nf3 Qa5+ 9. Bd2 Qb6 10. Bd3 Nc6 11. O-O d6 12. Re1 dxe5 13. Nxe5 Nxe5 14. Rxe5+
Be6 15. Be3 Qc7 16. Qh5 O-O-O 17. Bd4 g6 18. Qe2 Bg7 19. c3 Rhe8 20. Re3 Bh6
21. Be5 Qc6 22. f4 Bd7 23. g3 g5 24. Rf1 f6 25. fxg5 fxe5 26. Rf6 Qxf6 27. gxf6
e4 28. Bc2 Re6 29. c4 Rxf6 30. cxd5 Bxe3+ 31. Qxe3 Bh3 32. Qc3+ 1-0

[Event "NÃ– Landesliga 2016/2017"]
[Site "?"]
[Date "2017.03.12"]
[Round "9.4"]
[White "Winiwarter, Felix"]
[Black "Fiala, Vaclav"]
[Result "0-1"]
[WhiteElo "2063"]
[BlackElo "2170"]
[PlyCount "72"]
[EventDate "2016.10.02"]

1. d4 d5 2. c4 c6 3. Nf3 e6 4. Nc3 dxc4 5. e3 b5 6. a4 Bb4 7. Bd2 Bb7 8. axb5
Bxc3 9. Bxc3 cxb5 10. b3 a5 11. bxc4 b4 12. Bb2 Nf6 13. Bd3 O-O 14. O-O Nbd7
15. Re1 Ne4 16. Nd2 Nxd2 17. Qxd2 Qe7 18. Bc2 Rfd8 19. e4 Nb6 20. Bd3 Ba6 21.
Rxa5 Bxc4 22. Rea1 Rxa5 23. Rxa5 h6 24. Qe3 Bxd3 25. Qxd3 Qc7 26. Qe2 Qc4 27.
Kf1 Qb3 28. Rc5 Na4 29. Rc2 Nc3 30. Bxc3 bxc3 31. Qd3 Rxd4 32. Qxd4 Qb1+ 33.
Ke2 Qxc2+ 34. Ke3 Qc1+ 35. Ke2 c2 36. e5 Qg5 0-1

[Event "NÃ– Landesliga 2016/2017"]
[Site "?"]
[Date "2017.03.12"]
[Round "9.4"]
[White "Zwettler, Martin"]
[Black "Woeber, Friedrich"]
[Result "1/2-1/2"]
[WhiteElo "2198"]
[BlackElo "2123"]
[PlyCount "30"]
[EventDate "2016.10.02"]

1. d4 Nf6 2. c4 g6 3. Nc3 Bg7 4. e4 d6 5. Be2 O-O 6. Bg5 c5 7. d5 h6 8. Be3 e6
9. Qd2 exd5 10. exd5 Kh7 11. h3 Re8 12. Nf3 Bf5 13. O-O Ne4 14. Nxe4 Bxe4 15.
Rae1 Qf6 1/2-1/2

[Event "NÃ– Landesliga 2016/2017"]
[Site "?"]
[Date "2017.03.12"]
[Round "9.5"]
[White "Ganaus, Hannes"]
[Black "Bauer, Thomas"]
[Result "1-0"]
[WhiteElo "2286"]
[BlackElo "2107"]
[PlyCount "110"]
[EventDate "2016.10.02"]

1. d4 Nf6 2. Nf3 e6 3. c4 b6 4. Nc3 Bb4 5. Qb3 c5 6. Bg5 h6 7. Bh4 Bb7 8. e3
O-O 9. O-O-O Na6 10. d5 Bxc3 11. bxc3 Re8 12. Qc2 Nb8 13. e4 e5 14. Nd2 d6 15.
Be2 Bc8 16. Nf1 Nbd7 17. Ne3 Nf8 18. f3 Ng6 19. Bf2 Nf4 20. Bf1 Re7 21. h4 h5
22. g3 Ng6 23. Bd3 Rb7 24. Kd2 a6 25. a4 Qe7 26. Ra1 Rab8 27. Rhb1 Bd7 28. Nf5
Qf8 29. Rb2 Ne8 30. Qd1 Nc7 31. Be3 b5 32. Rab1 b4 33. cxb4 Rxb4 34. Rxb4 cxb4
35. a5 Ne7 36. Nxe7+ Qxe7 37. Bb6 Ne8 38. Rxb4 f5 39. exf5 Qf7 40. Qb1 Nf6 41.
Be3 Re8 42. Be4 Qf8 43. Bg5 Rc8 44. Bxf6 gxf6 45. Rb7 Qg7 46. Qb6 Qh6+ 47. Qe3
Qg7 48. Kc3 Rc5 49. Kb4 Kf8 50. g4 Ke7 51. g5 Kd8 52. Rb6 Qf8 53. Rxa6 fxg5 54.
hxg5 h4 55. g6 Ke7 1-0

[Event "NÃ– Landesliga 2016/2017"]
[Site "?"]
[Date "2017.03.12"]
[Round "9.5"]
[White "Plasil, Jiri"]
[Black "Lendwai, Reinhard"]
[Result "0-1"]
[WhiteElo "2049"]
[BlackElo "2370"]
[PlyCount "170"]
[EventDate "2016.10.02"]

1. Nf3 c5 2. c4 g6 3. Nc3 Bg7 4. g3 Nc6 5. Bg2 d6 6. d3 Rb8 7. Bd2 a6 8. a4 Nf6
9. O-O O-O 10. Qc1 Re8 11. Rb1 b6 12. b3 Bb7 13. Rd1 Qd7 14. Bh6 Bh8 15. Bg5
Nb4 16. Qd2 Bc6 17. Na2 Nxa2 18. Qxa2 b5 19. a5 Rec8 20. Bd2 Bg7 21. Bc3 h6 22.
Ne1 Bxg2 23. Nxg2 e5 24. e4 b4 25. Be1 Qg4 26. Qd2 h5 27. Qe3 Kh7 28. f3 Qh3
29. Qf2 Ng8 30. Ne3 Rf8 31. Qg2 Qe6 32. Nd5 Rb7 33. Bd2 Bh6 34. Bxh6 Nxh6 35.
Rf1 f5 36. Qh3 Rbf7 37. Rf2 Qe8 38. Rbf1 Qd8 39. Nb6 Qg5 40. Nd5 Qd8 41. Nb6
Kg7 42. Qg2 h4 43. gxh4 Qxh4 44. Qg3 Qh5 45. Nd5 f4 46. Qg2 Rh8 47. Kh1 g5 48.
Rg1 Kg6 49. Rd2 Qh4 50. Qf2 Qh3 51. Qg2 Qh5 52. Qf1 Rfh7 53. Rgg2 Nf7 54. Ne7+
Kf6 55. Nf5 Qh3 56. Kg1 Ke6 57. Rdf2 Rg8 58. Rg4 Qxf1+ 59. Kxf1 Rh3 60. Kg1 Kf6
61. Kg2 Rgh8 62. Kh1 Nd8 63. Nxd6 Ne6 64. Nf5 Rd8 65. Kg2 Rh7 66. Rd2 Rhd7 67.
d4 Nxd4 68. Nxd4 Rxd4 69. Rxd4 Rxd4 70. h4 Rd2+ 71. Kf1 Rd3 72. Ke2 Re3+ 73.
Kf2 Rxb3 74. Rxg5 Rb2+ 75. Ke1 Rc2 76. Rf5+ Ke6 77. Rh5 b3 78. Kd1 Rxc4 79.
Rh6+ Kf7 80. Rb6 Rc3 81. Kd2 Rc2+ 82. Kd1 c4 83. Rxa6 c3 84. Rd6 Ra2 85. Rd3
Ra1+ 0-1

[Event "NÃ– Landesliga 2016/2017"]
[Site "?"]
[Date "2017.03.12"]
[Round "9.5"]
[White "Zojer, Stefan"]
[Black "Popelka, Oldrich"]
[Result "1/2-1/2"]
[WhiteElo "2095"]
[BlackElo "2119"]
[PlyCount "139"]
[EventDate "2016.10.02"]

1. d4 Nf6 2. Nf3 c5 3. e3 e6 4. Bd3 b6 5. O-O Bb7 6. Nbd2 d5 7. b3 Be7 8. Bb2
O-O 9. Ne5 Nc6 10. a3 Qc7 11. f4 Nxe5 12. dxe5 Ne4 13. f5 exf5 14. Rxf5 g6 15.
Bxe4 dxe4 16. Rf4 f5 17. exf6 Bd6 18. f7+ Rxf7 19. Rxf7 Qxf7 20. Nc4 Bf8 21.
Ne5 Qe6 22. Qg4 Qxg4 23. Nxg4 Be7 24. Rf1 Bg5 25. h4 Bc8 26. Nf6+ Bxf6 27. Rxf6
Bg4 28. Rd6 Kf7 29. Kf2 Be6 30. Kg3 Ke7 31. Be5 Rf8 32. Rd2 Rf1 33. Bf4 Rc1 34.
Bb8 c4 35. bxc4 a6 36. Ba7 Bxc4 37. Bxb6 Ke6 38. Bc5 Bd5 39. Bb4 Rf1 40. Bc5 h6
41. Rd4 Rc1 42. Ra4 Bb7 43. c4 Rb1 44. Bd4 Kd6 45. Ra5 Rf1 46. h5 g5 47. Bg7
Rh1 48. Bxh6 Rxh5 49. Bxg5 Ke6 50. Kf4 Rh2 51. g3 Rf2+ 52. Kg4 Rc2 53. Bf4 Rxc4
54. Kg5 Rc8 55. Re5+ Kf7 56. Kh5 Rh8+ 57. Bh6 Kf6 58. Rc5 Rc8 59. Rg5 Bc6 60.
Rg6+ Kf7 61. Rg4 Rg8 62. Rf4+ Ke6 63. g4 Be8+ 64. Kh4 Bg6 65. g5 Bf5 66. Rf2
Rd8 67. Rb2 Rd6 68. Rb8 Rc6 69. Ra8 Ke5 70. Bg7+ 1/2-1/2

[Event "NÃ– Landesliga 2016/2017"]
[Site "?"]
[Date "2017.03.12"]
[Round "9.5"]
[White "Ptacnik, Pavel"]
[Black "Hofegger, Jakob"]
[Result "1-0"]
[WhiteElo "2040"]
[BlackElo "2044"]
[PlyCount "57"]
[EventDate "2016.10.02"]

1. d4 Nf6 2. Bf4 g6 3. Nc3 Bg7 4. Qd2 d6 5. O-O-O h6 6. e4 Bg4 7. f3 Bd7 8. g4
e5 9. dxe5 dxe5 10. Bxe5 Nxe4 11. Qf4 Nxc3 12. Bxg7 Nxd1 13. Bf6 Qc8 14. Bxh8
Nc6 15. Kxd1 Be6 16. Bd3 Qd7 17. Bf6 g5 18. Qe4 Qd6 19. Ne2 Kd7 20. Nd4 Re8 21.
Nxc6 bxc6 22. Qd4 Qxd4 23. Bxd4 Bd5 24. Rf1 Kd6 25. Bg7 Re3 26. Bxh6 f6 27. f4
Rh3 28. fxg5 fxg5 29. Bxg5 1-0

[Event "NÃ–-Landesliga"]
[Site "?"]
[Date "2017.02.26"]
[Round "10.1"]
[White "Khalakhan, Jurij"]
[Black "Kleiser, Gregor"]
[Result "1-0"]
[WhiteElo "2167"]
[BlackElo "2232"]
[PlyCount "85"]
[EventDate "2017.??.??"]
[SourceDate "2017.03.26"]

1. e4 c5 2. Nf3 d6 3. d4 cxd4 4. Nxd4 Nf6 5. Nc3 a6 6. Be3 e6 7. f3 Be7 8. Qd2
b5 9. O-O-O Bb7 10. Kb1 Nbd7 11. g4 Nb6 12. Qf2 Nfd7 13. Bd3 Rc8 14. Nce2 Nc4
15. Bxc4 Rxc4 16. h4 O-O 17. g5 Re8 18. Rdg1 Qc8 19. h5 Nf8 20. Ng3 d5 21. e5
g6 22. f4 Bc5 23. Nge2 Qc7 24. b3 Bxd4 25. Nxd4 Rc3 26. Bd2 b4 27. Bxc3 bxc3
28. Rg3 Rc8 29. Rhh3 Qa5 30. Ne2 d4 31. Qxd4 Rd8 32. Qxc3 Rd1+ 33. Kb2 Qb6 34.
Qe3 Qd8 35. Nc3 Rd2 36. h6 a5 37. a4 Ba6 38. Ne4 Re2 39. Nf6+ Kh8 40. Qc5 Rd2
41. Rc3 Rd1 42. Rhe3 Nd7 43. Qc7 1-0

[Event "NÃ–-Landesliga"]
[Site "?"]
[Date "2017.02.26"]
[Round "10.2"]
[White "WÃ¶ber, Friedrich"]
[Black "Bauer, Thomas"]
[Result "1-0"]
[WhiteElo "2123"]
[BlackElo "2107"]
[PlyCount "151"]
[EventDate "2017.??.??"]
[SourceDate "2017.03.26"]

1. e4 e6 2. d4 d5 3. Nd2 Nf6 4. e5 Nfd7 5. f4 c5 6. Ngf3 Nc6 7. Nb3 a6 8. dxc5
Nxc5 9. Be3 Na4 10. Rb1 b5 11. Bd3 Nb4 12. a3 Nxd3+ 13. Qxd3 Qc7 14. O-O Qc4
15. Bd4 Be7 16. Rf2 Bd7 17. Qe3 Rc8 18. g4 h5 19. h3 g6 20. f5 hxg4 21. Nfd2
Qxc2 22. hxg4 gxf5 23. Rc1 Qxc1+ 24. Nxc1 Rxc1+ 25. Nf1 Rc4 26. b3 Rxd4 27.
Qxd4 Bc5 28. Qd2 Bxf2+ 29. Kxf2 Nc5 30. Qe3 Ne4+ 31. Kg2 Rg8 32. Nh2 fxg4 33.
Qb6 Ke7 34. Qxa6 f5 35. exf6+ Kxf6 36. Qb7 Ke7 37. a4 Nd6 38. Qa7 bxa4 39. bxa4
e5 40. a5 Ke6 41. Qb6 Ke7 42. a6 Rc8 43. a7 Rc2+ 44. Kg1 Ra2 45. Qb8 g3 46. Nf1
g2 47. Ne3 Ra1+ 48. Kxg2 Ra2+ 49. Kg1 Ra1+ 50. Kf2 Ne4+ 51. Kg2 Ra2+ 52. Kg1
Ra1+ 53. Nf1 Rxa7 54. Qxa7 Kd6 55. Ne3 d4 56. Nc4+ Ke6 57. Nxe5 Kxe5 58. Qxd7
Nc3 59. Kf2 Ke4 60. Qh7+ Kd5 61. Ke1 Kc4 62. Kd2 Nd5 63. Qg8 Kc5 64. Qc8+ Kd6
65. Kd3 Ne7 66. Qf8 Ke6 67. Kxd4 Ng6 68. Qg7 Kf5 69. Qf7+ Kg5 70. Ke4 Nh4 71.
Qf4+ Kh5 72. Qg3 Ng6 73. Kf5 Ne7+ 74. Ke6 Ng6 75. Kf6 Nf4 76. Qg5# 1-0

[Event "NÃ–-Landesliga"]
[Site "?"]
[Date "2017.02.26"]
[Round "10.3"]
[White "Wagner, Stefan"]
[Black "Winiwarter, Felix"]
[Result "1-0"]
[WhiteElo "2133"]
[BlackElo "2063"]
[PlyCount "109"]
[EventDate "2017.??.??"]
[SourceDate "2017.03.26"]

1. c4 Nf6 2. g3 g6 3. Bg2 Bg7 4. Nc3 O-O 5. e4 d6 6. Nge2 e5 7. O-O Nc6 8. f4
Nd4 9. d3 c6 10. h3 Nh5 11. Nxd4 exd4 12. Ne2 f5 13. Kh2 Re8 14. exf5 gxf5 15.
Bf3 Nf6 16. Nxd4 Ng4+ 17. hxg4 fxg4 18. Bxg4 Bxd4 19. Bxc8 Qxc8 20. f5 Bf6 21.
Qg4+ Kh8 22. Bg5 Qd8 23. Bf4 Qd7 24. Rae1 Bxb2 25. Re6 Be5 26. Re1 Rg8 27.
Bxe5+ dxe5 28. Qe4 Qg7 29. Qxe5 Qxe5 30. R6xe5 Rad8 31. R1e3 Kg7 32. Re7+ Kf6
33. Rxh7 Rh8 34. Rxh8 Rxh8+ 35. Kg2 Kxf5 36. a4 Rh7 37. Kf3 Rd7 38. g4+ Kg5 39.
Re5+ Kf6 40. Rf5+ Ke6 41. Ke4 b6 42. d4 Rg7 43. g5 Rh7 44. Rf6+ Kd7 45. g6 Rh1
46. g7 Rg1 47. Rf7+ Ke6 48. Rxa7 Rg4+ 49. Kf3 Rg1 50. Kf4 Rg2 51. Rb7 Kd6 52.
Kf5 Rf2+ 53. Kg6 Rg2+ 54. Kf7 Rf2+ 55. Ke8 1-0

[Event "NÃ–-Landesliga"]
[Site "?"]
[Date "2017.02.26"]
[Round "10.4"]
[White "Polsterer, Heinz"]
[Black "Plasil, Jiri"]
[Result "0-1"]
[WhiteElo "2008"]
[BlackElo "2049"]
[PlyCount "50"]
[EventDate "2017.??.??"]
[SourceDate "2017.03.26"]

1. e4 d6 2. d4 e5 3. Nf3 Nd7 4. Bc4 h6 5. dxe5 dxe5 6. Bxf7+ Kxf7 7. Nxe5+ Kf6
8. Qd5 Qe8 9. f4 Nxe5 10. fxe5+ Kg6 11. O-O c6 12. Qd3 Bc5+ 13. Kh1 Be6 14. Nd2
Kh7 15. b3 Ne7 16. Qg3 Ng6 17. Nf3 Rf8 18. h4 Qe7 19. Bg5 hxg5 20. Nxg5+ Kg8
21. h5 Rxf1+ 22. Rxf1 Rf8 23. Rd1 Bf2 24. Qxf2 Rxf2 25. hxg6 Qxg5 0-1

[Event "NÃ– Landesliga 2016/2017"]
[Site "?"]
[Date "2017.03.26"]
[Round "10.2"]
[White "Buchnicek, Petr"]
[Black "GrÃ¶tz, Harald"]
[Result "0-1"]
[WhiteElo "2310"]
[BlackElo "2272"]
[PlyCount "94"]
[EventDate "2016.10.02"]

1. e4 c5 2. c3 Nf6 3. e5 Nd5 4. d4 cxd4 5. cxd4 e6 6. Nc3 Nxc3 7. bxc3 d6 8.
Nf3 Qc7 9. Bd2 Nd7 10. exd6 Bxd6 11. Bd3 b6 12. Ng5 Nf6 13. Ne4 Nxe4 14. Bxe4
Rb8 15. Bd3 Bb7 16. Qg4 O-O 17. Qh4 f5 18. O-O e5 19. f3 Rbd8 20. Rac1 Kh8 21.
Rfe1 Qf7 22. Bg5 Rd7 23. Bb5 Rc7 24. dxe5 Bc5+ 25. Kh1 Qxa2 26. Re2 Qe6 27. Rd1
Bd5 28. c4 Bc6 29. Bd8 Rd7 30. Rxd7 Bxd7 31. Bc7 Bxb5 32. cxb5 Rc8 33. Bd8 Qd7
34. Bg5 Qxb5 35. Re1 Re8 36. e6 Rxe6 37. Rd1 Re8 38. Bf6 Bf8 39. Ba1 Qe2 40.
Rg1 Bc5 41. Bxg7+ Kxg7 42. Qg5+ Kf7 43. Qxf5+ Ke7 44. Qxh7+ Kd6 45. Qg6+ Kd5
46. Qg5+ Kc6 47. Qc1 Qe3 0-1

[Event "NÃ– Landesliga 2016/2017"]
[Site "?"]
[Date "2017.03.26"]
[Round "10.2"]
[White "Batyte, Daiva"]
[Black "Zwettler, Martin"]
[Result "1/2-1/2"]
[WhiteElo "2163"]
[BlackElo "2224"]
[PlyCount "26"]
[EventDate "2016.10.02"]

1. c4 b6 2. e4 Bb7 3. Nc3 e6 4. Nf3 Nf6 5. e5 Ne4 6. Be2 d6 7. Nxe4 Bxe4 8. d3
Bb7 9. O-O Nd7 10. d4 Be7 11. Bf4 O-O 12. Rc1 dxe5 13. Nxe5 Nxe5 1/2-1/2

[Event "NÃ– Landesliga 2016/2017"]
[Site "?"]
[Date "2017.03.26"]
[Round "10.2"]
[White "Fiala, Vaclav"]
[Black "Amberger, Dieter"]
[Result "1-0"]
[WhiteElo "2260"]
[BlackElo "2050"]
[PlyCount "39"]
[EventDate "2016.10.02"]

1. e4 c5 2. Nf3 Nc6 3. c3 Nf6 4. e5 Nd5 5. d4 cxd4 6. cxd4 d6 7. Bc4 Nb6 8.
Bxf7+ Kxf7 9. Ng5+ Kg8 10. e6 d5 11. Qf3 Bxe6 12. Nxe6 Qd7 13. Qe2 Rc8 14. O-O
Nd8 15. Nxf8 Kxf8 16. Nd2 Nf7 17. Nf3 h5 18. Re1 Nc4 19. b3 Ncd6 20. Nh4 1-0

[Event "NÃ– Landesliga 2016/2017"]
[Site "?"]
[Date "2017.03.26"]
[Round "10.2"]
[White "Schirmbeck, Hannes"]
[Black "Lipp, Alfred"]
[Result "1-0"]
[WhiteElo "2163"]
[BlackElo "2113"]
[Annotator "Stadler,Peter"]
[PlyCount "37"]
[EventDate "2016.10.02"]

1. e4 c5 2. Nf3 d6 3. Bb5+ Nc6 4. O-O Bd7 5. Re1 g6 6. c3 Bg7 7. d4 cxd4 8.
cxd4 Nf6 9. Nc3 O-O 10. h3 Ne8 11. Bg5 Nc7 12. Ba4 h6 13. Bh4 Rc8 14. Rc1 Re8
15. a3 b5 16. Bb3 a5 17. Qd3 b4 18. Ne2 bxa3 19. bxa3 {Zeit} 1-0

[Event "NÃ– Landesliga 2016/2017"]
[Site "?"]
[Date "2017.03.26"]
[Round "10.3"]
[White "Wirius, Johannes"]
[Black "Hofmann, Thomas"]
[Result "1-0"]
[WhiteElo "2176"]
[BlackElo "2260"]
[PlyCount "77"]
[EventDate "2016.10.02"]
[SourceDate "2017.03.26"]

1. c4 Nf6 2. g3 c5 3. Bg2 d5 4. cxd5 Nxd5 5. Nc3 Nc7 6. Nf3 Nc6 7. O-O e5 8. d3
Be7 9. b3 O-O 10. Bb2 f6 11. Rc1 Bd7 12. Nd2 Rc8 13. f4 exf4 14. Rxf4 f5 15.
Rf1 Bg5 16. Kh1 b6 17. Rb1 Nd4 18. Nc4 Bc6 19. e4 Qe7 20. Nd5 Nxd5 21. exd5 Ba8
22. Re1 Qd8 23. Bxd4 cxd4 24. Qf3 Rc5 25. Re5 Qf6 26. Qe2 b5 27. Na5 Be3 28.
Re6 Qf7 29. Nc6 Bxc6 30. Rxc6 Qe7 31. Rf1 g6 32. Qe1 Rxc6 33. dxc6 Qc5 34. Qa5
Re8 35. a4 Bg5 36. Qxb5 Qxb5 37. axb5 Bd8 38. Bd5+ Kf8 39. g4 1-0

[Event "NÃ– Landesliga 2016/2017"]
[Site "?"]
[Date "2017.03.26"]
[Round "10.3"]
[White "Teuber, Andreas"]
[Black "Lechner, Daniel"]
[Result "1/2-1/2"]
[WhiteElo "2167"]
[BlackElo "2220"]
[PlyCount "25"]
[EventDate "2016.10.02"]
[SourceDate "2017.03.26"]

1. d4 Nf6 2. c4 g6 3. g3 Bg7 4. Bg2 d5 5. cxd5 Nxd5 6. Nf3 O-O 7. O-O Nb6 8.
Nc3 Nc6 9. e3 a5 10. Qe2 e5 11. dxe5 Nxe5 12. Nxe5 Bxe5 13. Rd1 1/2-1/2

[Event "NÃ– Landesliga 2016/2017"]
[Site "?"]
[Date "2017.03.26"]
[Round "10.3"]
[White "Haas, Bernhard"]
[Black "Hajek, Oskar"]
[Result "0-1"]
[WhiteElo "2013"]
[BlackElo "2133"]
[PlyCount "76"]
[EventDate "2016.10.02"]
[SourceDate "2017.03.26"]

1. d4 c5 2. d5 e5 3. c4 d6 4. e4 Nf6 5. Nc3 Be7 6. Bd3 O-O 7. Nge2 Na6 8. O-O
Nc7 9. f4 Nd7 10. f5 Rb8 11. Ng3 b5 12. cxb5 a6 13. a4 axb5 14. Nxb5 Ba6 15.
Nxc7 Bxd3 16. Ne6 fxe6 17. Qxd3 exd5 18. Qxd5+ Kh8 19. Ra3 Rb4 20. a5 Nf6 21.
Qd3 Qa8 22. Re1 Rfb8 23. Bg5 c4 24. Qd1 Rxb2 25. a6 d5 26. Bxf6 Qa7+ 27. Rae3
gxf6 28. Kh1 d4 29. R3e2 Rxe2 30. Qxe2 Qxa6 31. Qh5 d3 32. Qf7 d2 33. Rg1 Qd6
34. Nh5 Rg8 35. Rd1 c3 36. Qb3 Qd3 37. Nxf6 Bxf6 38. Qe6 Qd8 0-1

[Event "NÃ– Landesliga 2016/2017"]
[Site "?"]
[Date "2017.03.26"]
[Round "10.3"]
[White "Mayer, Josef"]
[Black "Miazhynski, Yuri"]
[Result "0-1"]
[WhiteElo "2092"]
[BlackElo "2081"]
[PlyCount "148"]
[EventDate "2016.10.02"]
[SourceDate "2017.03.26"]

1. c4 e5 2. Nc3 Nf6 3. Nf3 Nc6 4. g3 d5 5. cxd5 Nxd5 6. Bg2 Nb6 7. O-O Be7 8.
d3 O-O 9. a3 Re8 10. Be3 Bf8 11. Rc1 Nd4 12. Bxd4 exd4 13. Ne4 c6 14. Nc5 g6
15. Qd2 Bg7 16. Rfe1 Nd5 17. Nb3 Qb6 18. Na5 Be6 19. Nc4 Qc7 20. Na5 Rad8 21.
Nb3 Ne7 22. Qb4 Qb6 23. Nc5 Qxb4 24. axb4 Bc8 25. Ra1 a6 26. Nd2 Nd5 27. Bxd5
Rxd5 28. Nc4 Re7 29. Nb6 Rd8 30. Kg2 Bf5 31. h3 h5 32. f3 g5 33. g4 Bg6 34.
Rac1 Be5 35. Nc4 Bf4 36. Rc2 Rde8 37. Ne4 Kg7 38. gxh5 Bxe4 39. fxe4 Rh8 40.
Rh1 Rxh5 41. Na5 f5 42. Nb3 fxe4 43. Nxd4 exd3 44. exd3 Kf6 45. Re2 Rxe2+ 46.
Nxe2 Bd6 47. Ng3 Bxg3 48. Kxg3 Rh4 49. Rf1+ Kg6 50. Rf2 Rxb4 51. Rc2 Rb3 52.
Rd2 Kf5 53. Kf3 c5 54. Kg2 Ke5 55. Kf2 Kd4 56. Ke2 Rb6 57. Rc2 Re6+ 58. Kd2 b6
59. Rc1 Rf6 60. Rg1 Rf2+ 61. Kc1 Kxd3 62. Rg3+ Kc4 63. Rg4+ Kb3 64. Rg3+ Kb4
65. Rxg5 Rf3 66. h4 Rh3 67. h5 c4 68. Kc2 a5 69. Rf5 Rh2+ 70. Kc1 Ka4 71. Kb1
b5 72. Rf4 Kb3 73. Kc1 Rh1+ 74. Kd2 Kxb2 0-1

[Event "NÃ– Landesliga 2016/2017"]
[Site "?"]
[Date "2017.03.26"]
[Round "10.4"]
[White "Wetscherek, Gerhard"]
[Black "Traunwieser, Georg"]
[Result "0-1"]
[WhiteElo "2137"]
[BlackElo "2115"]
[PlyCount "56"]
[EventDate "2016.10.02"]

1. e4 e5 2. Nf3 Nc6 3. Bc4 Bc5 4. c3 Qe7 5. O-O d6 6. d4 Bb6 7. h3 h6 8. dxe5
dxe5 9. Qe2 Nf6 10. b4 Nh5 11. a4 a6 12. Kh2 Nf4 13. Bxf4 exf4 14. a5 Ba7 15.
Nbd2 O-O 16. e5 Bf5 17. Bd5 Rad8 18. Be4 Nxe5 19. Rae1 Nxf3+ 20. Qxf3 Rxd2 21.
Bxf5 Qg5 22. Bb1 c6 23. Re4 Qb5 24. Kg1 Bb8 25. Re7 Bd6 26. Qe4 g6 27. Rd7 f3
28. Qg4 Qxf1+ 0-1

[Event "NÃ– Landesliga 2016/2017"]
[Site "?"]
[Date "2017.03.26"]
[Round "10.4"]
[White "Wadsack, Wolfgang"]
[Black "Seidler, Dieter"]
[Result "1-0"]
[WhiteElo "2163"]
[BlackElo "2017"]
[PlyCount "75"]
[EventDate "2016.10.02"]

1. e4 e6 2. d4 d5 3. Nc3 Bb4 4. Bd2 dxe4 5. Qg4 Nf6 6. Qxg7 Rg8 7. Qh6 Qxd4 8.
O-O-O Qxf2 9. Bb5+ c6 10. Rf1 Rg6 11. Rxf2 Rxh6 12. Bxh6 Ng4 13. Rf4 Nxh6 14.
Be2 f5 15. Bh5+ Ke7 16. Nge2 e5 17. Rff1 Na6 18. g4 f4 19. Nxe4 Be6 20. g5 Nf5
21. a3 Bd5 22. axb4 Bxe4 23. Bf3 Bxc2 24. Kxc2 Ne3+ 25. Kb3 Nxf1 26. Rxf1 Rd8
27. Nc3 Rd3 28. h4 Nc7 29. Kc2 Rd4 30. Re1 Nd5 31. Nxd5+ cxd5 32. Rxe5+ Kd6 33.
Re8 Rxb4 34. Rd8+ Ke6 35. Rxd5 Rc4+ 36. Kd3 Rc7 37. Ke4 Rc2 38. Bg4+ 1-0

[Event "NÃ– Landesliga 2016/2017"]
[Site "?"]
[Date "2017.03.26"]
[Round "10.5"]
[White "Steiner, Heinz"]
[Black "Strobel, Ferdinand"]
[Result "1/2-1/2"]
[WhiteElo "2140"]
[BlackElo "2037"]
[PlyCount "22"]
[EventDate "2016.10.02"]

1. c4 f5 2. Nc3 Nf6 3. d4 g6 4. Nf3 d6 5. g3 Bg7 6. Bg2 O-O 7. O-O Nc6 8. d5
Na5 9. Nd2 c5 10. Qc2 a6 11. a4 e5 1/2-1/2